|
|
|
|
| LEADER |
00000nam0a2200000 4500 |
| 001 |
148743 |
| 005 |
20231031145553.0 |
| 020 |
|
|
|a RU
|b 86-102874
|
| 035 |
|
|
|a (RuTPU)RU\TPU\book\161274
|
| 090 |
|
|
|a 148743
|
| 100 |
|
|
|a 20081208d1986 m y0rusy5003 ca
|
| 101 |
0 |
|
|a rus
|
| 102 |
|
|
|a RU
|
| 105 |
|
|
|a y z 000ay
|
| 200 |
1 |
|
|a Времена и сроки
|e забережные повести
|f А. А. Савеличев
|
| 210 |
|
|
|a Москва
|c Современник
|d 1986
|
| 215 |
|
|
|a 363,[2] с.
|d 21 см
|
| 225 |
1 |
|
|a Новинки "Современника"
|
| 333 |
|
|
|a Исключено из фонда НТБ ТПУ
|
| 700 |
|
1 |
|a Савеличев
|b А. А.
|g Аркадий Алексеевич
|4 070
|
| 801 |
|
0 |
|a RU
|b RuMRKP
|c 19950417
|g psbo
|
| 801 |
|
1 |
|a RU
|b 63413507
|c 20081208
|g PSBO
|
| 801 |
|
2 |
|a RU
|b 63413507
|c 20160311
|g PSBO
|
| 942 |
|
|
|c BK
|